Fluid mechanics (Record no. 65036)

000 -LEADER
fixed length control field 00471nam a22001937a 4500
003 - CONTROL NUMBER IDENTIFIER
control field NUST - PNEC
005 - DATE AND TIME OF LATEST TRANSACTION
control field 20170116180904.0
008 - FIXED-LENGTH DATA ELEMENTS--GENERAL INFORMATION
fixed length control field 150902b xxu||||| |||| 00| 0 eng d
020 ## - INTERNATIONAL STANDARD BOOK NUMBER
International Standard Book Number 0070697167
020 ## - INTERNATIONAL STANDARD BOOK NUMBER
International Standard Book Number 0072281928
040 ## - CATALOGING SOURCE
Transcribing agency LIBRARY
082 ## - DEWEY DECIMAL CLASSIFICATION NUMBER
Classification number 620.106 WHI
100 ## - MAIN ENTRY--PERSONAL NAME
9 (RLIN) 6523
Personal name White, Frank M.
245 ## - TITLE STATEMENT
Title Fluid mechanics
Statement of responsibility, etc. Frank M. White
250 ## - EDITION STATEMENT
Edition statement Fourth Edition
260 ## - PUBLICATION, DISTRIBUTION, ETC.
Date of publication, distribution, etc. c.1999
650 ## - SUBJECT ADDED ENTRY--TOPICAL TERM
9 (RLIN) 6525
Topical term or geographic name entry element Fluid mechanics
General subdivision ME
942 ## - ADDED ENTRY ELEMENTS (KOHA)
Source of classification or shelving scheme
Koha item type Book
Holdings
Withdrawn status Lost status Source of classification or shelving scheme Damaged status Not for loan Permanent Location Current Location Shelving location Date acquired Total Checkouts Full call number Barcode Date last seen Price effective from Koha item type
          Pakistan Navy Engineering College (PNEC) Pakistan Navy Engineering College (PNEC)       620.106 WHI PNECLIB-026455 09/02/2015   Book
© 2023 Central Library, National University of Sciences and Technology. All Rights Reserved.